[Event "Bastia CC Summer op 9th"]
[Site "Bastia"]
[Date "2011.06.23"]
[Round "1"]
[White "Orsoni, Jean Philippe"]
[Black "Dellapina, Florian"]
[Result "1-0"]
[WhiteElo "1951"]
[BlackElo "1526"]
[PlyCount "39"]
[EventDate "2011.06.23"]
[EventType "swiss"]
[EventRounds "7"]
[EventCountry "FRA"]
[SourceTitle "EXT 2012"]
[Source "ChessBase"]
[SourceDate "2011.11.24"]
[SourceVersion "1"]
[SourceVersionDate "2011.11.24"]
[SourceQuality "1"]

1. e4 e5 2. Nf3 Nc6 3. Bc4 h6 4. d4 exd4 5. Nxd4 Nxd4 6. Qxd4 Nf6 7. e5 Nh7 8. 0-0 Be7 9. Nc3 0-0 10. f4 b6 11. Qe4 Bc5+ 12. Kh1 c6 13. Bd3 g6 14. f5 Qe7 15. Bxh6 Re8 16. fxg6 fxg6 17. Qxg6+ Kh8 18. Rf7 Qxf7 19. Qxf7 Rg8 20. Qxh7# 1-0

[Event "Corsica-ch qual"]
[Site "Bastia"]
[Date "2011.06.05"]
[Round "2.8"]
[White "Orsoni, Jean Philippe"]
[Black "Battesti, Saveriu"]
[Result "0-1"]
[WhiteElo "1951"]
[BlackElo "1975"]
[PlyCount "44"]
[EventDate "2011.06.04"]
[EventType "match"]
[EventRounds "2"]
[EventCountry "FRA"]
[SourceTitle "EXT 2013"]
[Source "ChessBase"]
[SourceDate "2012.11.22"]
[SourceVersion "1"]
[SourceVersionDate "2012.11.22"]
[SourceQuality "1"]

1. e4 e5 2. Nf3 Nc6 3. d4 exd4 4. Bc4 Bc5 5. 0-0 d6 6. h3 Nf6 7. Bg5 h6 8. Bh4 0-0 9. c3 Ne5 10. Bb3 Bb6 11. Kh2 Ng6 12. Bxf6 Qxf6 13. g3 Re8 14. Bc2 Ne5 15. Nxe5 dxe5 16. f4 exf4 17. Rxf4 Qd6 18. Qf3 dxc3 19. Bb3 cxb2 20. Bxf7+ Kh7 21. Bxe8 bxa1Q 22. e5 Qd2+ 0-1

[Event "Porticcio op 12th"]
[Site "Porticcio"]
[Date "2010.04.03"]
[Round "4"]
[White "Franceschi, Denis"]
[Black "Orsoni, Jean Philippe"]
[Result "0-1"]
[WhiteElo "1560"]
[BlackElo "1906"]
[PlyCount "100"]
[EventDate "2010.04.01"]
[EventType "swiss"]
[EventRounds "9"]
[EventCountry "FRA"]
[SourceTitle "EXT 2012"]
[Source "ChessBase"]
[SourceDate "2011.11.24"]
[SourceVersion "1"]
[SourceVersionDate "2011.11.24"]
[SourceQuality "1"]

1. d4 Nf6 2. Nc3 d5 3. e4 e6 4. e5 Nfd7 5. f4 c5 6. Be3 Nc6 7. Nf3 Qb6 8. b3 cxd4 9. Nxd4 Bb4 10. Qd2 Qa5 11. Nde2 Nc5 12. Bd4 Ne4 13. Qd3 Nxd4 14. Qxd4 Bxc3+ 15. Nxc3 Qxc3+ 16. Qxc3 Nxc3 17. Bd3 Bd7 18. 0-0 Rc8 19. a4 Ke7 20. f5 Ne4 21. Bxe4 dxe4 22. f6+ gxf6 23. exf6+ Ke8 24. c4 Rg8 25. Rf4 Bc6 26. g3 Rd8 27. b4 b6 28. b5 Bb7 29. Kf2 Rd2+ 30. Kg1 e3 31. Re1 Rg2+ 32. Kf1 Rxh2 33. Rxe3 Rg2 34. Rxe6+ fxe6 35. f7+ Kf8 36. fxg8Q+ Kxg8 37. Rd4 Bf3 38. Rd8+ Kf7 39. Rd7+ Kg6 40. Rxa7 h5 41. a5 bxa5 42. Rxa5 Rc2 43. b6 Rxc4 44. Rb5 Bb7 45. Kf2 Rc3 46. Re5 Bd5 47. Rxe6+ Bxe6 48. Kg2 Rb3 49. b7 Rxb7 50. Kf3 Rb4 0-1

[Event "Nice op"]
[Site "Nice"]
[Date "2009.08.??"]
[Round "8"]
[White "Dubois, Martine"]
[Black "Orsoni, Jean Philippe"]
[Result "0-1"]
[WhiteElo "2001"]
[BlackElo "1880"]
[PlyCount "90"]
[EventDate "2009.08.??"]
[EventType "swiss"]
[EventRounds "9"]
[EventCountry "FRA"]
[SourceTitle "EXT 2010"]
[Source "ChessBase"]
[SourceDate "2010.11.25"]
[SourceVersion "1"]
[SourceVersionDate "2010.11.25"]
[SourceQuality "1"]

1. e4 e5 2. Nf3 Nc6 3. Nc3 Nf6 4. g3 d5 5. exd5 Nxd5 6. Bg2 Nxc3 7. bxc3 Bd6 8. 0-0 0-0 9. Re1 Bg4 10. h3 Bh5 11. Rb1 f5 12. d3 Rb8 13. Qd2 h6 14. Bb2 Bf7 15. c4 Re8 16. Ba1 a5 17. Rb5 Bb4 18. Bc3 e4 19. Nh4 Nd4 20. Nxf5 Nxb5 21. cxb5 exd3 22. Rxe8+ Bxe8 23. cxd3 Bxb5 24. Be4 Bc6 25. Qb2 Bxe4 26. dxe4 Bxc3 27. Qxc3 Qd7 28. Qxa5 Re8 29. Qb4 b6 30. Qb3+ Kh7 31. Qc2 c5 32. g4 g6 33. Ne3 Qd4 34. Nd5 b5 35. Kg2 c4 36. f3 Rb8 37. Nb4 c3 38. Qb3 Qd2+ 39. Kg3 Qd6+ 40. Kg2 Qd2+ 41. Kg3 Qe1+ 42. Kg2 Rf8 43. Qc2 Qd2+ 44. Kg3 Qf4+ 45. Kg2 Qxf3+ 0-1

[Event "Manresa op 35th"]
[Site "Manresa"]
[Date "2008.08.12"]
[Round "1"]
[White "Vehi Bach, Victor Manuel"]
[Black "Orsoni, Jean Philippe"]
[Result "0-1"]
[WhiteElo "2411"]
[BlackElo "1883"]
[PlyCount "46"]
[EventDate "2008.08.12"]
[EventType "swiss"]
[EventRounds "9"]
[EventCountry "ESP"]
[SourceTitle "CBM 125 Extra"]
[Source "ChessBase"]
[SourceDate "2008.09.01"]
[SourceVersion "1"]
[SourceVersionDate "2008.09.01"]
[SourceQuality "1"]

1. d4 Nf6 2. Nc3 d5 3. Bg5 e6 4. e4 Bb4 5. e5 h6 6. Bd2 Bxc3 7. bxc3 Ne4 8. Qg4 Kf8 9. Qf4 Nxd2 10. Qxd2 c5 11. Nf3 Qa5 12. dxc5 Qxc5 13. Bd3 b6 14. 0-0 Ba6 15. Rfe1 Ke7 16. h3 Rc8 17. Bxa6 Nxa6 18. Qd3 Qa5 19. a4 Nc5 20. Qh7 Rg8 21. Ra3 Ne4 22. Nd4 Qc5 23. Rea1 Rh8 0-1

[Event "Corsica-ch rap1"]
[Site "Corsica"]
[Date "2007.06.10"]
[Round "?"]
[White "Humeau, Cyril"]
[Black "Orsoni, Jean Philippe"]
[Result "1-0"]
[WhiteElo "2162"]
[BlackElo "1907"]
[PlyCount "53"]
[EventDate "2007.06.10"]
[EventType "tourn (rapid)"]
[EventRounds "9"]
[EventCountry "FRA"]
[SourceTitle "EXT 2008"]
[Source "ChessBase"]
[SourceDate "2007.11.25"]
[SourceVersion "1"]
[SourceVersionDate "2007.11.25"]
[SourceQuality "1"]

1. c4 Nf6 2. Nc3 d5 3. cxd5 Nxd5 4. Nf3 Nxc3 5. bxc3 g6 6. d4 Bg7 7. Bf4 c5 8. e3 cxd4 9. cxd4 0-0 10. Be2 Nc6 11. 0-0 Bg4 12. h3 Be6 13. Qd2 Bd5 14. Rab1 Qd7 15. Rfc1 Rac8 16. Bg3 Rfe8 17. Rb2 Nd8 18. Ne5 Bxe5 19. Bxe5 Bc6 20. Bg3 Ne6 21. f3 Ng5 22. Rc5 Nxh3+ 23. Kh2 Bxf3 24. Bxf3 Rxc5 25. dxc5 Qxd2 26. Rxd2 Ng5 27. Bxb7 1-0

[Event "Porticcio op 8th"]
[Site "Porticcio"]
[Date "2007.05.27"]
[Round "7"]
[White "Massoni, Michael"]
[Black "Orsoni, Jean Philippe"]
[Result "1-0"]
[WhiteElo "2077"]
[BlackElo "1907"]
[PlyCount "58"]
[EventDate "2007.05.26"]
[EventType "swiss"]
[EventRounds "9"]
[EventCountry "FRA"]
[SourceTitle "EXT 2008"]
[Source "ChessBase"]
[SourceDate "2007.11.25"]
[SourceVersion "1"]
[SourceVersionDate "2007.11.25"]
[SourceQuality "1"]

1. e4 e5 2. d4 exd4 3. Qxd4 Nc6 4. Qe3 Nf6 5. c4 Bb4+ 6. Bd2 Qe7 7. Bd3 Bc5 8. Qf4 d5 9. Nc3 Nb4 10. Bb1 dxc4 11. Nf3 Nd3+ 12. Bxd3 cxd3 13. 0-0 0-0 14. e5 Nd7 15. Nd5 Qd8 16. Qe4 c6 17. Nf4 Be7 18. Nxd3 Nc5 19. Nxc5 Bxc5 20. Ng5 g6 21. Rad1 Qd4 22. Bc3 Qxe4 23. Nxe4 Be7 24. Nd6 Rd8 25. Rd2 Bxd6 26. exd6 Be6 27. Bf6 Rd7 28. a3 Re8 29. Re1 Ra8 1-0

[Event "Corsica-chT"]
[Site "Porticcio"]
[Date "2007.04.01"]
[Round "3.4"]
[White "Gil, Ludovic"]
[Black "Orsoni, Jean Philippe"]
[Result "1-0"]
[WhiteElo "1848"]
[BlackElo "1907"]
[PlyCount "33"]
[EventDate "2007.03.07"]
[EventType "team"]
[EventRounds "9"]
[EventCountry "FRA"]
[SourceTitle "CBM 117 Extra"]
[Source "ChessBase"]
[SourceDate "2007.05.09"]
[SourceVersion "1"]
[SourceVersionDate "2007.05.09"]
[SourceQuality "1"]
[WhiteTeam "Corsica CC Dream Team"]
[BlackTeam "Corsica CC"]
[WhiteTeamCountry "FRA"]
[BlackTeamCountry "FRA"]

1. Nf3 c5 2. g3 d5 3. Bg2 Nc6 4. d4 cxd4 5. Nxd4 e5 6. Nxc6 bxc6 7. 0-0 Nf6 8. c4 Be6 9. Nc3 h6 10. Qa4 Qd7 11. Rd1 Rd8 12. Be3 Be7 13. Bxa7 Ra8 14. cxd5 cxd5 15. Qxd7+ Nxd7 16. Nb5 0-0 17. Bxd5 1-0

[Event "Bastiais Master 5th"]
[Site "Bastia"]
[Date "2007.03.??"]
[Round "?"]
[White "Orsoni, Jean Philippe"]
[Black "Capitanio, Patrice"]
[Result "1-0"]
[WhiteElo "1909"]
[BlackElo "1920"]
[PlyCount "33"]
[EventDate "2007.03.??"]
[EventType "swiss"]
[EventRounds "9"]
[EventCountry "FRA"]
[SourceTitle "CBM 117 Extra"]
[Source "ChessBase"]
[SourceDate "2007.05.09"]
[SourceVersion "1"]
[SourceVersionDate "2007.05.09"]
[SourceQuality "1"]

1. e4 e6 2. d4 d5 3. e5 c5 4. c3 Nc6 5. Nf3 Qb6 6. Bd3 Bd7 7. 0-0 cxd4 8. cxd4 Nxd4 9. Ng5 Nc6 10. Re1 Bb4 11. Nc3 Bxc3 12. bxc3 Nge7 13. Qf3 Nd8 14. Ba3 Bc6 15. Nxh7 Rxh7 16. Bxh7 d4 17. Qg4 1-0

[Event "Bastiais Master 1st"]
[Site "Bastia"]
[Date "2005.05.??"]
[Round "5"]
[White "Orsoni, Jean Philippe"]
[Black "Szymanski, Piotr2222"]
[Result "0-1"]
[WhiteElo "1750"]
[BlackElo "1909"]
[PlyCount "76"]
[EventDate "2005.05.??"]
[EventType "tourn"]
[EventRounds "9"]
[EventCountry "FRA"]
[SourceTitle "EXT 2007"]
[Source "ChessBase"]
[SourceDate "2006.11.23"]
[SourceVersion "1"]
[SourceVersionDate "2006.11.23"]
[SourceQuality "1"]

1. e4 c5 2. Nf3 Nc6 3. d4 cxd4 4. Nxd4 Nf6 5. Nc3 e5 6. Nf5 d6 7. Bg5 Be6 8. Nb5 Bxf5 9. exf5 a6 10. Nc3 Be7 11. Qd2 h6 12. Bxf6 Bxf6 13. Ne4 Be7 14. Rd1 Nd4 15. Ng3 Qd7 16. Bd3 0-0 17. c3 Bg5 18. f4 Bxf4 19. Qf2 Nc6 20. Nh5 Bg5 21. h4 Bd8 22. Qg3 f6 23. Bc4+ Kh8 24. Rxd6 Qc7 25. Be6 e4 26. Nf4 Ne5 27. Rd5 Re8 28. Rxe5 fxe5 29. Ng6+ Kh7 30. Nxe5 Rxe6 31. fxe6 Kg8 32. Qf4 Bf6 33. Ng6 Qc4 34. Qd6 Rd8 35. Ne7+ Bxe7 36. Qxe7 Qd3 37. Qf7+ Kh8 38. e7 Qe3+ 0-1

[Event "Porticcio op 6th"]
[Site "Porticcio"]
[Date "2005.03.??"]
[Round "2"]
[White "Geronimi, Pierre Francois"]
[Black "Orsoni, Jean Philippe"]
[Result "0-1"]
[WhiteElo "1720"]
[BlackElo "2010"]
[PlyCount "28"]
[EventDate "2005.03.??"]
[EventType "swiss"]
[EventRounds "7"]
[EventCountry "FRA"]
[SourceTitle "EXT 2007"]
[Source "ChessBase"]
[SourceDate "2006.11.23"]
[SourceVersion "1"]
[SourceVersionDate "2006.11.23"]
[SourceQuality "1"]

1. e4 e5 2. Nf3 Nc6 3. Bb5 a6 4. Bxc6 dxc6 5. 0-0 Bg4 6. h3 h5 7. d3 Qf6 8. Nbd2 Ne7 9. Re1 Ng6 10. hxg4 hxg4 11. Nh2 Rxh2 12. Kxh2 Qxf2 13. Rf1 Qh4+ 14. Kg1 Bc5+ 0-1

[Event "Porticcio op 6th"]
[Site "Porticcio"]
[Date "2005.03.??"]
[Round "5"]
[White "Orsoni, Jean Philippe"]
[Black "Massoni, Michael"]
[Result "1-0"]
[WhiteElo "2010"]
[BlackElo "2026"]
[PlyCount "100"]
[EventDate "2005.03.??"]
[EventType "swiss"]
[EventRounds "7"]
[EventCountry "FRA"]
[SourceTitle "EXT 2007"]
[Source "ChessBase"]
[SourceDate "2006.11.23"]
[SourceVersion "1"]
[SourceVersionDate "2006.11.23"]
[SourceQuality "1"]

1. e4 c5 2. Nf3 e6 3. d4 cxd4 4. Nxd4 Nf6 5. Nc3 Bb4 6. Bd3 e5 7. Nf5 0-0 8. 0-0 Bxc3 9. bxc3 d5 10. Ba3 dxe4 11. Ne7+ Kh8 12. Bb5 Qa5 13. Qd6 Rd8 14. Qc5 Nbd7 15. Qb4 Qxb4 16. Bxb4 Nb6 17. Rfd1 Bd7 18. Be2 Ba4 19. Rac1 Nbd5 20. Nf5 Nxb4 21. cxb4 Nd5 22. a3 Nc3 23. Rxd8+ Rxd8 24. Bc4 Rd2 25. Ne3 Bb5 26. Bxb5 Nxb5 27. Nc4 Rd4 28. Nxe5 Nxa3 29. c3 Rd5 30. Ng4 Nc4 31. Ne3 Nxe3 32. fxe3 Rd2 33. Kf1 g6 34. c4 Rb2 35. b5 Rb4 36. Ra1 Rxc4 37. Rxa7 Rc7 38. Kf2 Kg7 39. Kg3 f5 40. Kf4 Kf6 41. h4 h6 42. Ra2 g5+ 43. hxg5+ hxg5+ 44. Kg3 Rc3 45. Kf2 Rb3 46. b6 Rxb6 47. Ra5 Rb2+ 48. Kf1 f4 49. exf4 gxf4 50. Rh5 b5 1-0